000 00722nam a2200205Ii 4500
003 JO-AjNU
008 230605s9999||||xx |||||||||||||| ||und||
017 _a1982/2087
040 _aJO-AjNU
_bara
_erda
_cJO-AjNU
041 _aara
050 1 4 _aHF5681 1982
100 3 _aتاليف: موسى، احمد محمد /م.مشارك: محمد السيد عبدالكريم,
_eauthor
_920159
245 0 0 _aمدخل في المحاسبة المالية، ج1
264 3 1 _aالقاهرة: دار النهضة العربية، 1982
300 _aج1، 521ص
336 _atext
_btxt
_2rdacontent
337 _aunmediated
_bn
_2rdamedia
338 _avolume
_bnc
_2rdacarrier
650 4 _aالمحاسبة المالية
_920160
999 _aA6784
_c10352
_d10352